Music Quiz

Random Music Quiz

Identify the Music Act in 3 minutes #150 Quiz Stats

Quiz not verified by Sporcle

Challenge
Share
Tweet
Embed
Score 0/11 Timer 03:00
0 Plays Today
Clue No.: Clue: % Correct
Answer:???
100%
Type 8 for clue???
91.1%
Type 9 for clue???
91.1%
Type 10 for clue???
91.1%
Type 7 for clue???
87.5%
Type 5 for clue???
85.7%
Type 6 for clue???
85.7%
Type 4 for clue???
82.1%
Type 3 for clue???
71.4%
Type 2 for clue???
53.6%
Type 1 for clue???
5.4%

You're not logged in!

Compare scores with friends on all Sporcle quizzes.
Join for Free
OR
Log In

You Might Also Like...

Show Comments

Extras

Created Jan 3, 2016ReportNominate
Tags:act, identify, minute

Top Quizzes Today


Score Distribution

Your Account Isn't Verified!

In order to create a playlist on Sporcle, you need to verify the email address you used during registration. Go to your Sporcle Settings to finish the process.

Report this User

Report this user for behavior that violates our Community Guidelines.

Details: